Điện công nghiệp
Gespeichert in:
| 1. Verfasser: | |
|---|---|
| Format: | Buch |
| Sprache: | Undetermined |
| Veröffentlicht: |
Tp. HCM
Nxb. Tp.HCM
2001
|
| Schlagworte: | |
| Tags: |
Tag hinzufügen
Keine Tags, Fügen Sie den ersten Tag hinzu!
|
| Thư viện lưu trữ: | Trung tâm Học liệu Trường Đại học Cần Thơ |
|---|
| LEADER | 00556nam a2200193Ia 4500 | ||
|---|---|---|---|
| 001 | CTU_57026 | ||
| 008 | 210402s9999 xx 000 0 und d | ||
| 020 | |b 100000 | ||
| 082 | |a 621.31 | ||
| 082 | |b L462 | ||
| 100 | |a Trần Đức Lợi | ||
| 245 | 0 | |a Điện công nghiệp | |
| 245 | 0 | |c Trần Đức Lợi và Schneider Electric S.A | |
| 260 | |a Tp. HCM | ||
| 260 | |b Nxb. Tp.HCM | ||
| 260 | |c 2001 | ||
| 650 | |a electric engineering | ||
| 650 | |x equipment and supplies | ||
| 980 | |a Trung tâm Học liệu Trường Đại học Cần Thơ | ||